000 00365nam a2200145Ia 4500
008 220217s9999||||xx |||||||||||||| ||und||
020 _a9788131733660
082 _a621.381 HUG
100 _aHughes, Edward
245 0 _aElectrical & Electronic Technology
250 _a10
260 _aPearson
_bNoida
_c2011
300 _a783
_b550
650 _aELECTRONICS
999 _c181869
_d181869